<?xml version="1.0" encoding="UTF-8"?>
<record
    xmlns:xsi="http://www.w3.org/2001/XMLSchema-instance"
    xsi:schemaLocation="http://www.loc.gov/MARC21/slim http://www.loc.gov/standards/marcxml/schema/MARC21slim.xsd"
    xmlns="http://www.loc.gov/MARC21/slim">

  <leader>00711nam a22001337a 4500</leader>
  <datafield tag="040" ind1=" " ind2=" ">
    <subfield code="c">RUA</subfield>
  </datafield>
  <datafield tag="082" ind1=" " ind2=" ">
    <subfield code="a">AGR SRE 2016 B606 Or.1</subfield>
  </datafield>
  <datafield tag="100" ind1=" " ind2=" ">
    <subfield code="a">SRENG KINNIN,&#x179F;&#x17D2;&#x179A;&#x17C1;&#x1784; &#x1782;&#x17B8;&#x1793;&#x1793;&#x17B8;&#x1793;</subfield>
  </datafield>
  <datafield tag="245" ind1=" " ind2=" ">
    <subfield code="a">compaarison of difference rate of urea on lettuce (lactuca sativa l.)in saang district,kandal province,&#x1794;&#x17D2;&#x179A;&#x17C0;&#x1794;&#x1792;&#x17C0;&#x1794;&#x1780;&#x1798;&#x17D2;&#x179A;&#x17B7;&#x178F;&#x1787;&#x17B8;&#x17A2;&#x17CA;&#x17BB;&#x1799;&#x179A;&#x17C9;&#x17C1;&#x1781;&#x17BB;&#x179F;&#x17D7;&#x1782;&#x17D2;&#x1793;&#x17B6;&#x1791;&#x17C5;&#x179B;&#x17BE;&#x178A;&#x17C6;&#x178E;&#x17B6;&#x17C6;&#x179F;&#x17B6;&#x179B;&#x17B6;&#x178A;&#x1793;&#x17C5;&#x1780;&#x17D2;&#x1793;&#x17BB;&#x1784;&#x179F;&#x17D2;&#x179A;&#x17BB;&#x1780;&#x179F;&#x17D2;&#x17A2;&#x17B6;&#x1784;&#x1781;&#x17C1;&#x178F;&#x17D2;&#x178F;&#x1780;&#x178E;&#x17D2;&#x178F;&#x17B6;&#x179B;</subfield>
  </datafield>
  <datafield tag="260" ind1=" " ind2=" ">
    <subfield code="a">phnom penh</subfield>
    <subfield code="b">rua</subfield>
    <subfield code="c">2016</subfield>
  </datafield>
  <datafield tag="300" ind1=" " ind2=" ">
    <subfield code="a">xi;40p;</subfield>
    <subfield code="b">ill;</subfield>
    <subfield code="c">29cm;</subfield>
  </datafield>
  <datafield tag="856" ind1=" " ind2=" ">
    <subfield code="u">https://drive.google.com/file/d/10pEnAZ4hy2xxNWbmwV17Bxz0XhS8ecI6/view?usp=sharing</subfield>
  </datafield>
  <datafield tag="942" ind1=" " ind2=" ">
    <subfield code="c">AGR</subfield>
  </datafield>
  <datafield tag="999" ind1=" " ind2=" ">
    <subfield code="c">17122</subfield>
    <subfield code="d">17122</subfield>
  </datafield>
  <datafield tag="952" ind1=" " ind2=" ">
    <subfield code="0">0</subfield>
    <subfield code="1">0</subfield>
    <subfield code="2">ddc</subfield>
    <subfield code="4">0</subfield>
    <subfield code="6">AGR_SRE_2016_000000000000000_B606_OR_1</subfield>
    <subfield code="7">0</subfield>
    <subfield code="9">73893</subfield>
    <subfield code="a">LBB</subfield>
    <subfield code="b">LBB</subfield>
    <subfield code="c">B606</subfield>
    <subfield code="d">2018-08-03</subfield>
    <subfield code="o">AGR SRE 2016 B606 Or.1</subfield>
    <subfield code="p">A30739</subfield>
    <subfield code="r">2018-08-03</subfield>
    <subfield code="w">2018-08-03</subfield>
    <subfield code="y">AGR</subfield>
  </datafield>
  <datafield tag="952" ind1=" " ind2=" ">
    <subfield code="0">0</subfield>
    <subfield code="1">0</subfield>
    <subfield code="2">ddc</subfield>
    <subfield code="4">0</subfield>
    <subfield code="6">AGR_SRE_2016_000000000000000_B606_OR_2</subfield>
    <subfield code="7">0</subfield>
    <subfield code="9">73894</subfield>
    <subfield code="a">LBB</subfield>
    <subfield code="b">LBB</subfield>
    <subfield code="c">B606</subfield>
    <subfield code="d">2018-08-03</subfield>
    <subfield code="l">3</subfield>
    <subfield code="o">AGR SRE 2016 B606 Or.2</subfield>
    <subfield code="p">A30980</subfield>
    <subfield code="r">2019-08-09</subfield>
    <subfield code="s">2019-07-22</subfield>
    <subfield code="w">2018-08-03</subfield>
    <subfield code="y">AGR</subfield>
  </datafield>
  <datafield tag="952" ind1=" " ind2=" ">
    <subfield code="0">0</subfield>
    <subfield code="1">0</subfield>
    <subfield code="2">ddc</subfield>
    <subfield code="4">0</subfield>
    <subfield code="6">AGR_SRE_2016_000000000000000_B606_OR_3</subfield>
    <subfield code="7">0</subfield>
    <subfield code="9">73895</subfield>
    <subfield code="a">LBB</subfield>
    <subfield code="b">LBB</subfield>
    <subfield code="c">B606</subfield>
    <subfield code="d">2018-08-03</subfield>
    <subfield code="l">1</subfield>
    <subfield code="o">AGR SRE 2016 B606 Or.3</subfield>
    <subfield code="p">A32414</subfield>
    <subfield code="r">2019-08-16</subfield>
    <subfield code="s">2019-08-13</subfield>
    <subfield code="w">2018-08-03</subfield>
    <subfield code="y">AGR</subfield>
  </datafield>
  <datafield tag="952" ind1=" " ind2=" ">
    <subfield code="0">0</subfield>
    <subfield code="1">0</subfield>
    <subfield code="2">ddc</subfield>
    <subfield code="4">0</subfield>
    <subfield code="6">AGR_SRE_2016_000000000000000_B606_OR_4</subfield>
    <subfield code="7">0</subfield>
    <subfield code="9">73896</subfield>
    <subfield code="a">LBB</subfield>
    <subfield code="b">LBB</subfield>
    <subfield code="c">B606</subfield>
    <subfield code="d">2018-08-03</subfield>
    <subfield code="o">AGR SRE 2016 B606 Or.4</subfield>
    <subfield code="p">A30034</subfield>
    <subfield code="r">2018-08-03</subfield>
    <subfield code="w">2018-08-03</subfield>
    <subfield code="y">AGR</subfield>
  </datafield>
  <datafield tag="952" ind1=" " ind2=" ">
    <subfield code="0">0</subfield>
    <subfield code="1">0</subfield>
    <subfield code="2">ddc</subfield>
    <subfield code="4">0</subfield>
    <subfield code="6">AGR_SRE_2016_000000000000000_B606_OR_5</subfield>
    <subfield code="7">0</subfield>
    <subfield code="9">73897</subfield>
    <subfield code="a">LBB</subfield>
    <subfield code="b">LBB</subfield>
    <subfield code="c">B606</subfield>
    <subfield code="d">2018-08-03</subfield>
    <subfield code="o">AGR SRE 2016 B606 Or.5</subfield>
    <subfield code="p">A32664</subfield>
    <subfield code="r">2018-08-03</subfield>
    <subfield code="w">2018-08-03</subfield>
    <subfield code="y">AGR</subfield>
  </datafield>
  <datafield tag="952" ind1=" " ind2=" ">
    <subfield code="0">0</subfield>
    <subfield code="1">0</subfield>
    <subfield code="2">ddc</subfield>
    <subfield code="4">0</subfield>
    <subfield code="6">AGR_SRE_2016_000000000000000_B606_OR_6</subfield>
    <subfield code="7">0</subfield>
    <subfield code="9">73898</subfield>
    <subfield code="a">LBB</subfield>
    <subfield code="b">LBB</subfield>
    <subfield code="c">B606</subfield>
    <subfield code="d">2018-08-03</subfield>
    <subfield code="l">3</subfield>
    <subfield code="o">AGR SRE 2016 B606 Or.6</subfield>
    <subfield code="p">A30678</subfield>
    <subfield code="r">2023-12-11</subfield>
    <subfield code="s">2023-11-17</subfield>
    <subfield code="w">2018-08-03</subfield>
    <subfield code="y">AGR</subfield>
  </datafield>
  <datafield tag="952" ind1=" " ind2=" ">
    <subfield code="0">0</subfield>
    <subfield code="1">0</subfield>
    <subfield code="2">ddc</subfield>
    <subfield code="4">0</subfield>
    <subfield code="6">AGR_SRE_2016_000000000000000_B606_OR_7</subfield>
    <subfield code="7">0</subfield>
    <subfield code="9">73899</subfield>
    <subfield code="a">LBB</subfield>
    <subfield code="b">LBB</subfield>
    <subfield code="c">B606</subfield>
    <subfield code="d">2018-08-03</subfield>
    <subfield code="o">AGR SRE 2016 B606 Or.7</subfield>
    <subfield code="p">A30830</subfield>
    <subfield code="r">2018-08-03</subfield>
    <subfield code="w">2018-08-03</subfield>
    <subfield code="y">AGR</subfield>
  </datafield>
  <datafield tag="952" ind1=" " ind2=" ">
    <subfield code="0">0</subfield>
    <subfield code="1">0</subfield>
    <subfield code="2">ddc</subfield>
    <subfield code="4">0</subfield>
    <subfield code="6">AGR_SRE_2016_000000000000000_B606_OR_8</subfield>
    <subfield code="7">0</subfield>
    <subfield code="9">73900</subfield>
    <subfield code="a">LBB</subfield>
    <subfield code="b">LBB</subfield>
    <subfield code="c">B606</subfield>
    <subfield code="d">2018-08-03</subfield>
    <subfield code="o">AGR SRE 2016 B606 Or.8</subfield>
    <subfield code="p">A31280</subfield>
    <subfield code="r">2018-08-03</subfield>
    <subfield code="w">2018-08-03</subfield>
    <subfield code="y">AGR</subfield>
  </datafield>
</record>
